1399 1783 1692 1402 1977 1538 1288 1866 1238 1355 1030 1476 1985 1982 1446 1341 1276 1294 1899 1312 1979 1215 1878 1773 1124 1147 1716 1389 1458 1613 1109 1749 1078 1354 1739 1852 1518 1984 1148 1512 1885 1427 1283 1302 1187 1645 1870 1682 1436 1925 1703 1893 1844 1616 1632 1265 1788 1118 1508 1812 1336 1992 1850 1153 1710 1461 1854 1634 1229 1690 1378 1378 1646 1237 1917 1850 1505 1458 1515 1642 1689 1639 1457 1240 1523 1548 1884 1068 1422 1685 1354 1592 1375 1214 1662 1115 1960 1894 1027 BCNSPRNW ULIB Ver.6.0+V

เปลี่ยนเป็นภาษาไทย

Change to English
 แสดงรายละเอียดบรรณานุกรม
  กลับหน้าหลัก

Brief Record : Get Marc (ISO 2709) : E-mail record : QR code < ปิดหน้าต่าง
LEADER : 00000nam 2200000uu 4500
001    13399124687
003     ULIB
008    160114s2558||||th 000 0 tha d
020    ^a9786168012017
060  0 ^aWY159^bศ499น
100 0  ^aศิริอร สินธุ
245 10 ^aแนวปฏิบัติการพยาบาลเพื่อการจัดการภาวะน้ำหนักเกิน /^cศิริอร สินธุ
250    ^aพิมพ์ครั้งที่ 1 ( ราคา 250 บาท )
260    ^aกรุงเทพฯ :^bวัฒนาการพิมพ์,^c2558
300    ^a96 หน้า :^bตาราง ;^c23 ซม.
505 0  ^a1. แนวปฏิบัติการพยาบาลเพื่อการจัดการภาวะน้ำหนักเกินในสตรีตั้งครรภ์
505 0  ^a2. แนวปฏิบัติการพยาบาลเพื่อการจัดการภาวะน้ำหนักเกินในเด็กวัยเรียน
505 0  ^a3. แนวปฏิบัติการพยาบาลเพื่อการจัดการภาวะน้ำหนักเกินในวัยรุ่น
505 0  ^a4. แนวปฏิบัติการพยาบาลเพื่อการจัดการภาวะน้ำหนักเกินในวัยผู้ใหญ่
505 0  ^a5. แนวปฏิบัติการพยาบาลเพื่อการจัดการภาวะน้ำหนักเกินในสถานประกอบการ
650  7 ^aการพยาบาลเพื่อการจัดการภาวะน้ำหนักเกิน
650  7 ^aภาวะน้ำหนักเกิน
945    ^p250^l0^i000224
945    ^p250^l0^i000225
999    ^aเกษร โพธิ์สุวรรณ
รายการนี้ยังไม่มีแท็ก
คุณยังไม่ได้ล็อกอิน คุณสามารถมีกิจกรรมร่วมกับเว็บไซต์ได้ แต่ต้องล็อกอินก่อน ::
  ล็อกอิน

รายการสื่อสารสนเทศ

ลำดับที่ ประเภท เลขเรียก/บาร์โค้ด สถานที่ สถานะ
1. Book การพยาบาล
Book การพยาบาล
สถานะ=หนังสือเก่า
WY159 ศ499น ฉ.1 
  Barcode: 000224
ห้องสมุดวิทยาเขตสวรรค์ประชารักษ์
►ส่วนจัดเก็บหนังสือเก่า สปร
บนชั้น
  ขอยืม
2. Book การพยาบาล
Book การพยาบาล
สถานะ=หนังสือเก่า
WY159 ศ499น ฉ.2 
  Barcode: 000225
ห้องสมุดวิทยาเขตสวรรค์ประชารักษ์
►ส่วนจัดเก็บหนังสือเก่า สปร
บนชั้น
  ขอยืม

รายการใกล้เคียง
    ผู้แต่ง [ศิริอร สินธุ]

    หัวเรื่อง [ภาวะน้ำหนักเกิน]

BibComment


ยังไม่เคยถูกคอมเมนท์

คอมเมนท์ทรัพยากรรายการนี้
  คอมเมนท์: แนวปฏิบัติการพยา..


 Copyright 2026. Bcnsprnw @Library